<?xml version="1.0" encoding="UTF-8"?>
<record
    xmlns:xsi="http://www.w3.org/2001/XMLSchema-instance"
    xsi:schemaLocation="http://www.loc.gov/MARC21/slim http://www.loc.gov/standards/marcxml/schema/MARC21slim.xsd"
    xmlns="http://www.loc.gov/MARC21/slim">

  <leader>01213nam a22002657a 4500</leader>
  <controlfield tag="005">20170124103157.0</controlfield>
  <datafield tag="010" ind1=" " ind2=" ">
    <subfield code="a">B-064441</subfield>
  </datafield>
  <datafield tag="020" ind1=" " ind2=" ">
    <subfield code="c">140.00</subfield>
    <subfield code="a">8170165458</subfield>
  </datafield>
  <datafield tag="035" ind1=" " ind2=" ">
    <subfield code="a">B-064441</subfield>
  </datafield>
  <datafield tag="037" ind1=" " ind2=" ">
    <subfield code="b">Cen Lib/Ret</subfield>
  </datafield>
  <datafield tag="040" ind1=" " ind2=" ">
    <subfield code="a">DPL</subfield>
    <subfield code="b">HN</subfield>
  </datafield>
  <datafield tag="082" ind1=" " ind2=" ">
    <subfield code="a">820.8</subfield>
    <subfield code="b">&#x936;&#x941;&#x915;&#x94D;&#x932;&#x936;&#x94D;&#x930;&#x940; </subfield>
  </datafield>
  <datafield tag="100" ind1=" " ind2=" ">
    <subfield code="a">&#x936;&#x941;&#x915;&#x94D;&#x932;, &#x936;&#x94D;&#x930;&#x940;&#x932;&#x93E;&#x932; </subfield>
    <subfield code="9">90004</subfield>
  </datafield>
  <datafield tag="245" ind1=" " ind2=" ">
    <subfield code="a">&#x92E;&#x947;&#x930;&#x947; &#x938;&#x93E;&#x915;&#x94D;&#x937;&#x93E;&#x924;&#x94D;&#x915;&#x93E;&#x930; /</subfield>
    <subfield code="c">&#x936;&#x94D;&#x930;&#x940;&#x932;&#x93E;&#x932; &#x936;&#x941;&#x915;&#x94D;&#x932;</subfield>
  </datafield>
  <datafield tag="246" ind1=" " ind2=" ">
    <subfield code="a">Mere sashatkar /</subfield>
    <subfield code="b">by Shrilal Shukla </subfield>
  </datafield>
  <datafield tag="260" ind1=" " ind2=" ">
    <subfield code="a">&#x928;&#x92F;&#x940; &#x926;&#x93F;&#x932;&#x94D;&#x932;&#x940;</subfield>
    <subfield code="b">&#x915;&#x93F;&#x924;&#x93E;&#x92C;&#x918;&#x930; &#x92A;&#x94D;&#x930;&#x915;&#x93E;&#x936;&#x928; </subfield>
    <subfield code="c">2002</subfield>
  </datafield>
  <datafield tag="270" ind1=" " ind2=" ">
    <subfield code="b">&#x928;&#x92F;&#x940; &#x926;&#x93F;&#x932;&#x94D;&#x932;&#x940;</subfield>
    <subfield code="a">24, &#x905;&#x902;&#x938;&#x93E;&#x930;&#x940; &#x930;&#x94B;&#x921;, &#x926;&#x930;&#x93F;&#x92F;&#x93E;&#x917;&#x902;&#x91C;</subfield>
    <subfield code="e">110002</subfield>
  </datafield>
  <datafield tag="300" ind1=" " ind2=" ">
    <subfield code="a">132&#x92A;&#x943;. </subfield>
    <subfield code="c">20&#x938;&#x947;&#x92E;&#x940;(&#x938;&#x91C;&#x93F;&#x932;&#x94D;&#x926;)</subfield>
  </datafield>
  <datafield tag="490" ind1=" " ind2=" ">
    <subfield code="a">&#x92E;&#x947;&#x930;&#x947; &#x938;&#x93E;&#x915;&#x94D;&#x937;&#x93E;&#x924;&#x94D;&#x915;&#x93E;&#x930; &#x938;&#x940;&#x930;&#x940;&#x91C; </subfield>
  </datafield>
  <datafield tag="650" ind1=" " ind2=" ">
    <subfield code="a">&#x939;&#x93F;&#x928;&#x94D;&#x926;&#x940; -- &#x938;&#x93E;&#x939;&#x93F;&#x924;&#x94D;&#x92F; </subfield>
    <subfield code="9">90005</subfield>
  </datafield>
  <datafield tag="650" ind1=" " ind2=" ">
    <subfield code="a">&#x939;&#x93F;&#x928;&#x94D;&#x926;&#x940; -- &#x938;&#x93E;&#x915;&#x94D;&#x937;&#x93E;&#x924;&#x94D;&#x915;&#x93E;&#x930; -- &#x92E;&#x939;&#x93E;&#x928; &#x935;&#x94D;&#x92F;&#x915;&#x94D;&#x924;&#x93F; </subfield>
    <subfield code="9">90006</subfield>
  </datafield>
  <datafield tag="650" ind1=" " ind2=" ">
    <subfield code="a">Hindi literature</subfield>
    <subfield code="9">90007</subfield>
  </datafield>
  <datafield tag="650" ind1=" " ind2=" ">
    <subfield code="a">Hindi - interview - great person</subfield>
    <subfield code="9">90008</subfield>
  </datafield>
  <datafield tag="942" ind1=" " ind2=" ">
    <subfield code="2">ddc</subfield>
    <subfield code="c">HN</subfield>
    <subfield code="h">820.8</subfield>
    <subfield code="m">&#x936;&#x941;&#x915;&#x94D;&#x932;&#x936;&#x94D;&#x930;&#x940; </subfield>
  </datafield>
  <datafield tag="999" ind1=" " ind2=" ">
    <subfield code="c">120364</subfield>
    <subfield code="d">120364</subfield>
  </datafield>
  <datafield tag="952" ind1=" " ind2=" ">
    <subfield code="0">0</subfield>
    <subfield code="1">0</subfield>
    <subfield code="4">0</subfield>
    <subfield code="7">0</subfield>
    <subfield code="a">L</subfield>
    <subfield code="b">L</subfield>
    <subfield code="d">2015-09-22</subfield>
    <subfield code="e">Cen Lib/Ret</subfield>
    <subfield code="g">140.00</subfield>
    <subfield code="l">0</subfield>
    <subfield code="o">820.8 &#x936;&#x941;&#x915;&#x94D;&#x932;&#x936;&#x94D;&#x930;&#x940;</subfield>
    <subfield code="p">B-064441</subfield>
    <subfield code="r">2015-09-22 00:00:00</subfield>
    <subfield code="t">1</subfield>
    <subfield code="v">140.00</subfield>
    <subfield code="w">2015-09-22</subfield>
    <subfield code="y">HN</subfield>
  </datafield>
</record>
